Statistiques concernant Multi thèmes 1

Cliquez ici pour prendre le quiz!

Statistiques générales

  • Ce quiz a été pris 82 fois
  • Le résultat moyen est 4 sur 10

Statistiques - réponses

Question ?Réponse% Correct
Quel est la capitale aussi appelé la ville lumière ?Paris
99%
Qui est le réalisateur du film Titanic ?James Cameron
68%
Par quel espèce de serpent fût tuée Cléopâtre VIII ?Cobra
58%
Avec quel artiste chante Orelsan son titre "La pluie" ?Stromae
51%
Quelle guerre a duré de 1337 à 1453 ?Guerre de Cent Ans
43%
Comment appel t-on un gros nuage gris porteur de pluie ou de neige ?Nimbus
20%
Comment se prénomme la fille musicienne dans les Barbapapa ?Barbalala
18%
Quel est le nom entier du Che ?Ernesto Che Guevara
15%
En quelle année a eu lieu la bataille d'Azincourt qui s'est déroulé pendant la Guerre de Cent Ans ?1415
14%
Comment s'appelle le fils de Clint Eastwood ?Scott
4%

Distribution des résultats

Percentile par nombre de réponses

% des personnes avec chaque résultat

Votre développement - résultats

Vous n’avez pas pris ce quiz